[Event "Frankfurter Stadtmeisterschaft 2026 A"]
[Site "Frankfurt am Main"]
[Date "2026.05.11"]
[Round "3.30"]
[White "Biedermann, Andreas"]
[Black "Bittner, Peter"]
[Result "0-1"]
[WhiteElo "1493"]
[BlackElo "1892"]
[PlyCount "130"]
[GameId "2306481993236519"]
[EventDate "2026.04.27"]
[WhiteTeam "SAbt SU Mühlheim"]
[BlackTeam "SC 1961 König Nied"]

1. f4 d5 2. Nf3 Nc6 3. g3 Nf6 4. Bg2 e6 5. O-O Bc5+ 6. Kh1 O-O 7. d3 Ng4 8. Qe1 Be3 9. h3 Bxc1 10. Qxc1 Nh6 11. Qe1 Re8 12. e4 dxe4 13. dxe4 f5 14. Na3 fxe4 15. Qxe4 Nf5 16. Kh2 Qe7 17. c3 Bd7 18. Nb5 Nd6 19. Nxd6 cxd6 20. Qc4 Rac8 21. Qd3 Nd8 22. Ng5 g6 23. Rad1 d5 24. Rfe1 Qf6 25. Qd4 Qxd4 26. Rxd4 h6 27. Nf3 Bc6 28. Ne5 Kg7 29. Bf1 Nf7 30. b4 Nxe5 31. Rxe5 a6 32. Be2 Kf6 33. h4 Ba4 34. c4 dxc4 35. Bxc4 b5 36. Bf1 Rc2+ 37. Re2 Rec8 38. Rdd2 Rxd2 39. Rxd2 Rc2 40. Rxc2 Bxc2 41. Bg2 Bb1 42. a3 e5 43. fxe5+ Kxe5 44. Bb7 Kd4 45. Bxa6 Bd3 46. g4 Kc3 47. Kg3 Kb3 48. Kf4 Kxa3 49. h5 g5+ 50. Ke5 Kxb4 51. Kf6 Be2 52. Bc8 Kc5 53. Kg6 b4 54. Kxh6 b3 55. Kxg5 Bd3 56. Bf5 Bxf5 57. gxf5 b2 58. h6 b1=Q 59. h7 Qb8 60. Kh6 Qf8+ 61. Kg6 Kd6 62. f6 Ke6 63. f7 Qxf7+ 64. Kh6 Qf6+ 65. Kh5 Qg7 0-1

[Event "Frankfurter Stadtmeisterschaft 2026 A"]
[Site "Frankfurt am Main"]
[Date "2026.05.11"]
[Round "3.34"]
[White "Börsch, Dieter"]
[Black "Stricker, Konstantin"]
[Result "1/2-1/2"]
[WhiteElo "1805"]
[BlackElo "1799"]
[PlyCount "47"]
[GameId "2306481993244715"]
[EventDate "2026.04.27"]
[WhiteTeam "SK Bad Homburg 1927"]
[BlackTeam "SC Eschbach im Usinger Land"]

1. d4 Nf6 2. c4 e6 3. Nc3 Bb4 4. Qc2 b6 5. Nf3 Bb7 6. Bd2 O-O 7. e3 Bxc3 8. Bxc3 Ne4 9. Bd3 f5 10. b4 Nxc3 11. Qxc3 d6 12. c5 Qf6 13. Rb1 Be4 14. Qc2 Bb7 15. Qe2 Qg6 16. Rg1 Qh5 17. Kd2 Nd7 18. Bb5 Nf6 19. c6 Bc8 20. Bc4 a6 21. Rgc1 b5 22. Bb3 Ne4+ 23. Ke1 Rf6 24. h3 1/2-1/2

[Event "Frankfurter Stadtmeisterschaft 2026 A"]
[Site "Frankfurt am Main"]
[Date "2026.05.11"]
[Round "3.35"]
[White "Besirevic, Adem"]
[Black "Fayed, Ahmed"]
[Result "1/2-1/2"]
[WhiteElo "1752"]
[BlackElo "1679"]
[PlyCount "44"]
[GameId "2306481993252908"]
[EventDate "2026.04.27"]
[WhiteTeam "Bad Vilbeler Sfr. 1985"]
[BlackTeam "Sfr.1932 Kelkheim"]

1. e4 c6 2. Nf3 d5 3. exd5 cxd5 4. d4 Bg4 5. Nc3 e6 6. Be2 Nf6 7. Qd3 a6 8. O-O Bd6 9. Bg5 O-O 10. Rfe1 Nbd7 11. Ne5 Bxe2 12. Rxe2 Qc7 13. Rae1 b5 14. Nd1 Rfe8 15. Bh4 Rac8 16. c3 h6 17. Bg3 Nh5 18. Qf3 Nhf6 19. Qd3 Ne4 20. f4 f5 21. Nf2 Ndf6 22. Nxe4 Nxe4 1/2-1/2

[Event "Frankfurter Stadtmeisterschaft 2026 A"]
[Site "Frankfurt am Main"]
[Date "2026.05.11"]
[Round "3.37"]
[White "Hofmann, Werner"]
[Black "Arslan, Abdussamed"]
[Result "0-1"]
[WhiteElo "1765"]
[BlackElo "1669"]
[PlyCount "48"]
[GameId "2306481993261102"]
[EventDate "2026.04.27"]
[WhiteTeam "SV 1920 Kelsterbach"]
[BlackTeam "SF Schöneck"]

1. b3 Nf6 2. Bb2 d5 3. d4 c5 4. e3 Nc6 5. Nd2 Bf5 6. a3 e6 7. Ngf3 cxd4 8. exd4 Bd6 9. Be2 O-O 10. Nh4 Be4 11. Nxe4 Nxe4 12. Nf3 f5 13. O-O Rf6 14. Ne5 Rh6 15. Qd3 Qh4 16. h3 Nxe5 17. dxe5 Bc5 18. Bd4 Bxd4 19. Qxd4 Ng3 20. Qe3 Nxf1 21. Kxf1 d4 22. Qd2 Rd8 23. Rd1 g5 24. g3 Qxh3+ 0-1

[Event "Frankfurter Stadtmeisterschaft 2026 A"]
[Site "Frankfurt am Main"]
[Date "2026.05.11"]
[Round "3.38"]
[White "Schäfers, Serge"]
[Black "Piacentino, Mirco"]
[Result "1/2-1/2"]
[WhiteElo "1846"]
[BlackElo "1673"]
[PlyCount "88"]
[GameId "2306481993269295"]
[EventDate "2026.04.27"]
[WhiteTeam "TSV Bindlach Aktionär"]
[BlackTeam "SV 1934 Ffm-Griesheim"]

1. b4 e5 2. b5 d5 3. Bb2 Nd7 4. e3 Bd6 5. Nf3 Ngf6 6. Be2 O-O 7. O-O Re8 8. c4 c6 9. a4 Nf8 10. d3 Ng6 11. Nbd2 Bc7 12. Qc2 a5 13. Rfc1 e4 14. Bxf6 Qxf6 15. dxe4 dxe4 16. Nxe4 Qe7 17. Ng3 c5 18. Rd1 Be6 19. Qe4 b6 20. Rd2 Qf6 21. Rad1 Qc3 22. Qc2 Qxc2 23. Rxc2 Rad8 24. Rcd2 Rxd2 25. Rxd2 Rd8 26. Rxd8+ Bxd8 27. Bd3 Ne7 28. Kf1 Nc8 29. Ke2 Nd6 30. Nd2 Bf6 31. Nde4 Nxe4 32. Nxe4 Be7 33. Nc3 Kf8 34. Nd5 Bd8 35. h3 Ke8 36. g4 Kd7 37. f4 Kd6 38. e4 f6 39. Kf3 g5 40. Ne3 Ke7 41. Nf5+ Bxf5 42. exf5 h6 43. fxg5 fxg5 44. Ke4 Kd6 1/2-1/2

[Event "Frankfurter Stadtmeisterschaft 2026 A"]
[Site "Frankfurt am Main"]
[Date "2026.05.11"]
[Round "3.40"]
[White "Wundram, Til"]
[Black "Keglevic, Christian"]
[Result "1-0"]
[WhiteElo "1557"]
[BlackElo "1647"]
[PlyCount "69"]
[GameId "2306481993277489"]
[EventDate "2026.04.27"]
[BlackTeam "SF Schöneck"]

1. e4 c5 2. Nf3 d6 3. Bb5+ Bd7 4. Bxd7+ Qxd7 5. c3 Nf6 6. e5 dxe5 7. Nxe5 Qe6 8. Qe2 Nbd7 9. f4 O-O-O 10. O-O Nd5 11. Qg4 Qxg4 12. Nxg4 f6 13. d3 e5 14. fxe5 Nxe5 15. Nxe5 fxe5 16. Nd2 Ne3 17. Rf3 Nc2 18. Rb1 Ne1 19. Re3 Nxd3 20. Nc4 Nxc1 21. Rxc1 Re8 22. Rxe5 Rxe5 23. Nxe5 g6 24. Rf1 Bg7 25. Nf7 Rg8 26. Ng5 h6 27. Ne6 b6 28. Rf7 Bh8 29. Rxa7 Kb8 30. Rf7 Kc8 31. Kf2 g5 32. Rh7 Re8 33. Rxh6 Kd7 34. Nxg5 Rf8+ 35. Nf3 1-0

[Event "Frankfurter Stadtmeisterschaft 2026 A"]
[Site "Frankfurt am Main"]
[Date "2026.05.11"]
[Round "3.41"]
[White "Manasek, Martin"]
[Black "Koellner, Ulrich"]
[Result "1/2-1/2"]
[WhiteElo "1641"]
[BlackElo "1766"]
[PlyCount "102"]
[GameId "2306481993277490"]
[EventDate "2026.04.27"]
[WhiteTeam "SC Flörsheim 1921"]
[BlackTeam "SV 1920 Hofheim"]

1. d4 Nf6 2. c4 g6 3. Nc3 d5 4. Nf3 Bg7 5. Bg5 Ne4 6. Nxd5 Nxg5 7. Nxg5 e6 8. Nxf7 Kxf7 9. Nc3 Qxd4 10. Qb3 Rd8 11. Rd1 Qf6 12. Rxd8 Qxd8 13. e3 Nd7 14. Be2 Bxc3+ 15. Qxc3 Qf6 16. Qc2 b6 17. Bf3 Rb8 18. O-O Bb7 19. Bxb7 Rxb7 20. Qe4 Rb8 21. Qc6 Qd8 22. Rd1 Ne5 23. Qa4 Qe8 24. Qxa7 Rd8 25. Qxc7+ Rd7 26. Rxd7+ Qxd7 27. Qxd7+ Nxd7 28. b4 Ke7 29. Kf1 Kd6 30. Ke2 Ne5 31. c5+ bxc5 32. bxc5+ Kxc5 33. f3 Kc4 34. f4 Nc6 35. Kf3 Kd3 36. a4 Kc4 37. e4 Kb4 38. Kg4 h6 39. f5 exf5+ 40. exf5 gxf5+ 41. Kxf5 Kxa4 42. Kg6 Ne5+ 43. Kf5 Nd3 44. g4 Kb5 45. h4 Kc6 46. g5 hxg5 47. hxg5 Kd6 48. Kf6 Ne5 49. Kf5 Kd5 50. Kf6 Kd6 51. Kf5 Kd5 1/2-1/2

[Event "Frankfurter Stadtmeisterschaft 2026 A"]
[Site "Frankfurt am Main"]
[Date "2026.05.11"]
[Round "3.42"]
[White "Hudobec, Nicolas"]
[Black "Khalilov, Asrat"]
[Result "1/2-1/2"]
[WhiteElo "1801"]
[BlackElo "1784"]
[PlyCount "136"]
[GameId "2306481993285683"]
[EventDate "2026.04.27"]
[WhiteTeam "SC Eschbach im Usinger Land"]
[BlackTeam "SK Bad Schwalbach"]

1. c4 c5 2. g3 Nc6 3. Bg2 g6 4. e3 Bg7 5. Ne2 Nf6 6. d4 cxd4 7. Nxd4 O-O 8. Nc3 a6 9. O-O Qc7 10. b3 d6 11. Bb2 Bd7 12. Rc1 Nxd4 13. exd4 Rab8 14. Qd2 Be6 15. d5 Bd7 16. a4 Qb6 17. Qd1 Bg4 18. Qc2 Bf5 19. Qe2 Qxb3 20. Ba1 Rfe8 21. Qa2 Qxa2 22. Nxa2 Ne4 23. Bxg7 Kxg7 24. g4 Nd2 25. Rfd1 Nb3 26. gxf5 Nxc1 27. Rxc1 gxf5 28. Nc3 Rec8 29. Ne2 b5 30. axb5 axb5 31. cxb5 Rxc1+ 32. Nxc1 Rxb5 33. Ne2 Rb1+ 34. Bf1 Rd1 35. Nc3 Rc1 36. Ne2 Ra1 37. Kg2 e5 38. dxe6 fxe6 39. Nf4 e5 40. Nd5 f4 41. Bd3 Rd1 42. Be4 h6 43. f3 h5 44. h4 Rd2+ 45. Kh3 Kf7 46. Nc7 Ke7 47. Nd5+ Kf7 48. Nc7 Rd1 49. Kg2 Re1 50. Nd5 Rd1 51. Kh2 Ke6 52. Nc7+ Kd7 53. Nd5 Rd2+ 54. Kg1 Ke6 55. Nc7+ Kd7 56. Nd5 Rxd5 57. Bxd5 Kc7 58. Kf2 Kb6 59. Ke2 Kc5 60. Bf7 d5 61. Kd3 Kd6 62. Bxh5 Ke6 63. Bg6 Kf6 64. h5 Kg5 65. Bf7 e4+ 66. fxe4 dxe4+ 67. Kxe4 Kh6 68. Kxf4 Kg7 1/2-1/2

[Event "Frankfurter Stadtmeisterschaft 2026 A"]
[Site "Frankfurt am Main"]
[Date "2026.05.11"]
[Round "3.44"]
[White "Müller, Jens"]
[Black "Cichon, Jörg"]
[Result "1/2-1/2"]
[WhiteElo "1679"]
[BlackElo "1726"]
[PlyCount "60"]
[GameId "2306481993293877"]
[EventDate "2026.04.27"]
[WhiteTeam "SV 1920 Hofheim"]
[BlackTeam "Sfr.Mainz 1928"]

1. e4 c5 2. Nf3 Nc6 3. Bb5 e6 4. Bxc6 bxc6 5. O-O Qc7 6. Re1 e5 7. c3 Nf6 8. d4 cxd4 9. cxd4 Bb4 10. Nc3 d6 11. h3 O-O 12. Bg5 Nd7 13. Rc1 Bxc3 14. Rxc3 Bb7 15. d5 c5 16. Nd2 Nb6 17. Rg3 f6 18. Bh6 Rf7 19. Nf3 Kh8 20. Bc1 Rg8 21. Nh4 g6 22. Qd2 g5 23. Nf5 Rg6 24. Qe2 Bc8 25. Ne3 Kg7 26. Qh5 Kf8 27. Qf3 Qe7 28. Nf5 Bxf5 29. Qxf5 Qd7 30. Qf3 Rgg7 1/2-1/2

[Event "Frankfurter Stadtmeisterschaft 2026 A"]
[Site "Frankfurt am Main"]
[Date "2026.05.11"]
[Round "3.45"]
[White "Münstermann, Matthias"]
[Black "Grünzig, Matthias"]
[Result "1/2-1/2"]
[WhiteElo "1765"]
[BlackElo "1687"]
[PlyCount "44"]
[GameId "2306481993302070"]
[EventDate "2026.04.27"]
[WhiteTeam "SK Langen"]
[BlackTeam "FV Berkersheim"]

1. d4 d5 2. c4 e6 3. Nc3 Nf6 4. cxd5 Nxd5 5. e4 Nf6 6. Bg5 Be7 7. Nf3 Nc6 8. Bb5 Bd7 9. O-O O-O 10. a3 Ne8 11. Bxe7 Qxe7 12. Qc2 Nd6 13. Bd3 f5 14. d5 Nd8 15. dxe6 Bxe6 16. exf5 Bxf5 17. Rfe1 Bxd3 18. Qxd3 Qf7 19. Qd5 Qxd5 20. Nxd5 c6 21. Nc3 N8f7 22. b3 Rfe8 1/2-1/2

[Event "Frankfurter Stadtmeisterschaft 2026 A"]
[Site "Frankfurt am Main"]
[Date "2026.05.11"]
[Round "3.46"]
[White "Dick, Markus"]
[Black "Hebauf, Markus"]
[Result "1/2-1/2"]
[WhiteElo "1625"]
[BlackElo "1642"]
[PlyCount "30"]
[GameId "2306481993302071"]
[EventDate "2026.04.27"]
[WhiteTeam "SV 1934 Ffm-Griesheim"]
[BlackTeam "Sfr.1932 Kelkheim"]

1. e4 c5 2. d4 cxd4 3. c3 dxc3 4. Nxc3 Nc6 5. Nf3 d6 6. Bc4 e6 7. O-O Nf6 8. Qe2 Be7 9. Rd1 O-O 10. e5 Nxe5 11. Bf4 d5 12. Rac1 Bd7 13. Bd3 a6 14. Bb1 g6 15. g3 Kg7 1/2-1/2

[Event "Frankfurter Stadtmeisterschaft 2026 A"]
[Site "Frankfurt am Main"]
[Date "2026.05.11"]
[Round "3.47"]
[White "Bartsch, Marius"]
[Black "Klikic, Drazen"]
[Result "1/2-1/2"]
[WhiteElo "1733"]
[BlackElo "1643"]
[PlyCount "40"]
[GameId "2306481993310264"]
[EventDate "2026.04.27"]
[WhiteTeam "Wiesbadener SV 1885"]
[BlackTeam "SC 1961 König Nied"]

1. e4 e5 2. Nf3 Nc6 3. d4 exd4 4. Nxd4 Nf6 5. Nc3 Bb4 6. Nxc6 bxc6 7. Bd3 d6 8. O-O h6 9. h3 O-O 10. a3 Ba5 11. b4 Bb6 12. Na4 Re8 13. Nxb6 axb6 14. Qf3 d5 15. exd5 cxd5 16. Bb2 Bb7 17. Rfd1 c6 18. Qf5 Bc8 19. Bxf6 Qxf6 20. Qxf6 gxf6 1/2-1/2